Normal view
MARC view
- Amna Meer (NUST201361515MCES64113)
Entry Personal Name
001 - CONTROL NUMBER
- control field: 116309
003 - CONTROL NUMBER IDENTIFIER
- control field: NUST
005 - DATE AND TIME OF LATEST TRANSACTION
- control field: 20230912165925.0
008 - FIXED-LENGTH DATA ELEMENTS
- fixed length control field: 230912|| aca||aabn | a|a d
040 ## - CATALOGING SOURCE
- Original cataloging agency: NUST
- Transcribing agency: NUST
100 ## - HEADING--PERSONAL NAME
- Personal name: Amna Meer (NUST201361515MCES64113)
670 ## - SOURCE DATA FOUND
- Source citation: Work cat.: (NUST): Amna Meer (NUST201361515MCES64113), Ethanol production from local biomass (rice husk) using yeast and zymmomonas mobilis, its optimization using TiO2 and characterization using HPLC and FTIR analysis /, 2015
